000 00701nam a22002057a 4500
999 _c17079
_d17079
003 AR-CdUCM
008 190507b ||||| |||| 00| 0 spa d
040 _aMUNICIPALIDAD PROVINCIAL DEL CUSCO
_cBIBLIOTECA MUNICIPAL DEL CUSCO
082 _24ed.
_a869.508 /
_bSA22
100 _aSánchez, Luis Alberto
_9401
245 _aDon Manuél /
260 _aLima :
_bPopulibros Peruanos.
300 _a214 páginas ;
_c18 cm.
505 _aContenido: El señor gobernador intendente -- El magistrado -- cuartel o convento -- El seminario -- El químico ...
650 _aBiografía
_922
650 _aLiteratura Peruana
_9132
650 _aSiglo XX
_98
942 _2ddc
_cLIBROS
945 _aachl
_d2019-05-07